| 000 | 00362cam a2200133ua 4500 | ||
|---|---|---|---|
| 003 | OSt | ||
| 008 | 240831b |||||||| |||| 00| 0 eng d | ||
| 041 | _aeng | ||
| 082 |
_a005.43 _bUNI |
||
| 245 | _aUnix system V/386 release 4- mouse driver administrators guide | ||
| 260 |
_aNew Delhi : _bPrentice Hall of India Pvt Ltd. , _c1992. |
||
| 300 | _a9 ; . | ||
| 942 | _cBK | ||
| 999 |
_c9746 _d9746 |
||